|
|
|
|
| LEADER |
00000nab a2200000 a 4500 |
| 001 |
vtls000009635 |
| 003 |
SK-MaSNL |
| 005 |
20260303231155.0 |
| 008 |
111103c1978 xo 0 slo |
| 015 |
|
|
|a SNBRB19rr/mm-uuuuu
|
| 035 |
|
|
|a CL0019729
|
| 040 |
|
|
|a SNKBUCL
|b slo
|c SNKBUCL
|e AACR2
|
| 041 |
0 |
|
|a slo
|
| 044 |
|
|
|a xo
|c SK
|
| 080 |
|
|
|a 620.9
|2 1981
|
| 245 |
0 |
0 |
|a V mrazoch bude dobré mať si čím zakúriť
|b Úspory palív a energie v popredí záujmu celej spoločnosti ; Ivan Šalgovič, Ján Rajnič, Miroslav Ruttkay, Pavel Horčička, Ján Dulín, Dominik Matušinský, Alfonz Bednarič
|
| 650 |
0 |
7 |
|a hospodárstvo energetické
|2 snkbucl
|9 894130
|
| 650 |
0 |
7 |
|a energetika
|2 snkbucl
|9 3680
|
| 650 |
0 |
7 |
|a palivá
|2 snkbucl
|9 20464
|
| 650 |
0 |
7 |
|a energia
|2 snkbucl
|9 15416
|
| 655 |
|
7 |
|a články z novín a časopisov
|2 snkbucl
|9 267496
|
| 700 |
1 |
|
|a Šalgovič, Ivan
|4 aut
|9 1002196
|
| 700 |
1 |
|
|a Rajnič, Ján
|4 aut
|9 272139
|
| 700 |
1 |
|
|a Ruttkay, Miroslav
|4 aut
|9 269524
|
| 700 |
1 |
|
|a Horčička, Pavel
|4 aut
|9 774424
|
| 700 |
1 |
|
|a Dulín, Ján
|4 aut
|9 274646
|
| 700 |
1 |
|
|a Matušinský, Dominik
|4 aut
|9 941739
|
| 700 |
1 |
|
|a Bednarič, Alfonz
|4 aut
|9 575158
|
| 773 |
0 |
|
|t Pravda
|g Roč. 59, č. 236 (6. 10. 1978), s. 1 a 2
|
| 850 |
|
|
|a Slovenská národná knižnica v Martine
|a MTA001
|
| 852 |
|
|
|a SNK
|b KIS3GCP
|
| 958 |
|
|
|a RK
|
| 992 |
|
|
|a RBX
|
| 999 |
|
|
|c 2265601
|d 2267531
|